| 000 | 00529nam a2200133Ia 4500 | ||
|---|---|---|---|
| 008 | 220216s9999 xx 000 0 und d | ||
| 100 |
_aDas _BK. |
||
| 245 | 0 | _aIsolation of protoplasts from leaf mesophyll cells of Hevea brasiliensis | |
| 260 |
_bIn: Preprints of Papers. International Natural Rubber Conference, India 2005, 6-8 November 2005, Rubber Research Institute of India, Kottayam, Kerala, India, pp. 145-148. _c2005 |
||
| 650 | _aLeaf mesophyll cell | ||
| 650 | _aProtoplast culture | ||
| 700 | _aDey S.K. | ||
| 942 | _cBS | ||
| 999 |
_c52383 _d52383 |
||